| Record ID | marc_records_scriblio_net/part05.dat:55166512:603 |
| Source | Scriblio |
| Download Link | /show-records/marc_records_scriblio_net/part05.dat:55166512:603?format=raw |
LEADER: 00603nam 22001931 4500
001 62014871 /L
003 DLC
005 19790502000000.0
008 790416s1962 nyua b 00010 eng
010 $a 62014871 /L
050 0 $aQA76.5$b.B3
082 $a510.7834
100 10 $aBartee, Thomas C.
245 10 $aTheory and design of digital machines$c[by] Thomas C. Bartee, Irwin L. Lebow [and] Irving S. Reed.
260 0 $aNew York,$bMcGraw-Hill$c[1962]
300 $a324 p.$billus.$c24 cm.
490 0 $aLincoln Laboratory publications
504 $aIncludes bibliography.
650 0 $aElectronic digital computers.